<?xml version="1.0" encoding="UTF-8"?><?xml-stylesheet type="text/xsl" href="static/style.xsl"?><OAI-PMH xmlns="http://www.openarchives.org/OAI/2.0/" xmlns:xsi="http://www.w3.org/2001/XMLSchema-instance" xsi:schemaLocation="http://www.openarchives.org/OAI/2.0/ http://www.openarchives.org/OAI/2.0/OAI-PMH.xsd"><responseDate>2026-04-29T08:21:26Z</responseDate><request verb="GetRecord" identifier="oai:riubu.ubu.es:10259/7815" metadataPrefix="marc">https://riubu.ubu.es/oai/request</request><GetRecord><record><header><identifier>oai:riubu.ubu.es:10259/7815</identifier><datestamp>2023-11-22T23:42:13Z</datestamp><setSpec>com_10259_2699</setSpec><setSpec>col_10259_2701</setSpec></header><metadata><record xmlns="http://www.loc.gov/MARC21/slim" xmlns:doc="http://www.lyncode.com/xoai" xmlns:xsi="http://www.w3.org/2001/XMLSchema-instance" xmlns:dcterms="http://purl.org/dc/terms/" xsi:schemaLocation="http://www.loc.gov/MARC21/slim http://www.loc.gov/standards/marcxml/schema/MARC21slim.xsd">
<leader>00925njm 22002777a 4500</leader>
<datafield tag="042" ind1=" " ind2=" ">
<subfield code="a">dc</subfield>
</datafield>
<datafield tag="720" ind1=" " ind2=" ">
<subfield code="a">González Ceballos, Lara</subfield>
<subfield code="e">author</subfield>
</datafield>
<datafield tag="260" ind1=" " ind2=" ">
<subfield code="c">2022</subfield>
</datafield>
<datafield tag="520" ind1=" " ind2=" ">
<subfield code="a">Este trabajo describe el diseño de materiales poliméricos con diferentes&#xd;
aplicaciones en el campo de la alimentación. En primer lugar, de polímeros&#xd;
inteligentes como sensores colorimétricos para el análisis de diversas sustancias&#xd;
de interés en alimentación (aminas biógenas, polifenoles totales y nitritos). En&#xd;
segundo lugar, de materiales con potencial antimicrobiano, capaces de&#xd;
incrementar hasta en un 50% la vida útil de alimentos cárnicos envasados. Por&#xd;
último, de polímeros capaces de retener almidón y fenoles en su estructura,&#xd;
utilizados como parte del análisis de actividad diastásica en el caso del almidón&#xd;
y actividad glucosa oxidasa y catalasa en el caso de los fenoles. Todos los&#xd;
materiales desarrollados se han probado en matrices alimentarias, demostrando&#xd;
así su correcto funcionamiento y, por consiguiente, su potencial utilidad en la&#xd;
industria alimentaria.</subfield>
</datafield>
<datafield tag="520" ind1=" " ind2=" ">
<subfield code="a">This work describes the design of polymeric materials, which are widely used in&#xd;
the food industry. Firstly, the use of smart polymers as colorimetric sensors for&#xd;
substances of interest such as biogenic amines, total polyphenols and nitrites is&#xd;
described. Secondly the antimicrobial capacity of a material is studied. This can&#xd;
increase the shelf-life of packaged meat foods by up to 50%. Finally, polymers&#xd;
able to keep starch and phenols in their structure are analyzed as part of the&#xd;
study of diastasic activity in the case of starch and glucose oxidase and catalase&#xd;
activity in the case of phenols. Every material developed, has been tested in food&#xd;
matrices in order to prove its effectiveness and therefore its potential use in the&#xd;
food industry</subfield>
</datafield>
<datafield tag="024" ind2=" " ind1="8">
<subfield code="a">http://hdl.handle.net/10259/7815</subfield>
</datafield>
<datafield tag="024" ind2=" " ind1="8">
<subfield code="a">10.36443/10259/7815</subfield>
</datafield>
<datafield ind1=" " ind2=" " tag="653">
<subfield code="a">Control de calidad</subfield>
</datafield>
<datafield ind1=" " ind2=" " tag="653">
<subfield code="a">Alimentos</subfield>
</datafield>
<datafield ind1=" " ind2=" " tag="653">
<subfield code="a">Polímeros inteligentes</subfield>
</datafield>
<datafield ind1=" " ind2=" " tag="653">
<subfield code="a">Sensores poliméricos colorimétricos</subfield>
</datafield>
<datafield ind1=" " ind2=" " tag="653">
<subfield code="a">Envasado activo antimicrobiano</subfield>
</datafield>
<datafield ind1=" " ind2=" " tag="653">
<subfield code="a">Quality control</subfield>
</datafield>
<datafield ind1=" " ind2=" " tag="653">
<subfield code="a">Food</subfield>
</datafield>
<datafield ind1=" " ind2=" " tag="653">
<subfield code="a">Smart polymers</subfield>
</datafield>
<datafield ind1=" " ind2=" " tag="653">
<subfield code="a">Colorimetric polymeric sensors</subfield>
</datafield>
<datafield ind1=" " ind2=" " tag="653">
<subfield code="a">Antimicrobial active food packaging</subfield>
</datafield>
<datafield tag="245" ind1="0" ind2="0">
<subfield code="a">Polímeros inteligentes para aplicaciones en seguridad y control alimentario</subfield>
</datafield>
</record></metadata></record></GetRecord></OAI-PMH>